An Introduction to Network Filters & Transmission Lines (Record no. 6885)

MARC details
000 -LEADER
fixed length control field 00370nam a2200145Ia 4500
008 - FIXED-LENGTH DATA ELEMENTS--GENERAL INFORMATION
fixed length control field 221030s9999 xx 000 0 und d
041 ## - LANGUAGE CODE
Language code of text/sound track or separate title
082 ## - DEWEY DECIMAL CLASSIFICATION NUMBER
Classification number 105.23
Item number Cha
100 ## - MAIN ENTRY--AUTHOR NAME
Personal name A. Chakrabarti
245 #3 - TITLE STATEMENT
Title An Introduction to Network Filters & Transmission Lines
260 ## - PUBLICATION, DISTRIBUTION, ETC. (IMPRINT)
Name of publisher Dhanpat Rai Pub
Place of publication New Delhi
Year of publication 2000
300 ## - PHYSICAL DESCRIPTION
Number of Pages 12.21
650 ## - SUBJECT ADDED ENTRY--TOPICAL TERM
Topical Term EE
942 ## - ADDED ENTRY ELEMENTS (KOHA)
Koha item type Books
Holdings
Accession Number Cost, normal purchase price Full call number Price effective from Koha item type Withdrawn / writtenoff status Materials specified (bound volume or other part) Damaged status Not for loan Permanent Location Current Location Shelving location Date acquired Lost/ Missing status department Source of acquisition
BE 2551 105.00 105.23 Cha 10/30/2022 Books   Print     MIET Library, Jammu MIET Library, Jammu BL-Academic Block A, FL-1, CUP-51, SH-2, R-2 02/10/2001   BE  
BE 2552 105.00 105.23 Cha 10/30/2022 Books   Print     MIET Library, Jammu MIET Library, Jammu BL-Academic Block A, FL-1, CUP-51, SH-2, R-2 02/10/2001   BE  
BE 2742 105.00 105.23 Cha 10/30/2022 Books   Print     MIET Library, Jammu MIET Library, Jammu BL-Academic Block A, FL-1, CUP-51, SH-2, R-2 03/10/2001   BE  
BE 2743 105.00 105.23 Cha 10/30/2022 Books   Print     MIET Library, Jammu MIET Library, Jammu BL-Academic Block A, FL-1, CUP-51, SH-2, R-2 10/20/2001   BE  
BE 2744 105.00 105.23 10/30/2022 Books   Print     MIET Library, Jammu MIET Library, Jammu BL-Academic Block A, FL-1, CUP-51, SH-2, R-2 03/10/2001   BE  
BE 2745 150.00 105.23 Cha 10/30/2022 Books   Print   Not For Loan MIET Library, Jammu MIET Library, Jammu BL-Second, FL-1, CUP-79, SH-4, R-4 03/10/2001   BE  
BE 2746 105.00 105.23 cHA 10/30/2022 Books   Print     MIET Library, Jammu MIET Library, Jammu BL-Academic Block A, FL-1, CUP-51, SH-2, R-2 03/10/2001   BE  
BE 2747 105.00 105.23 Cha 10/30/2022 Books   Print     MIET Library, Jammu MIET Library, Jammu BL-Academic Block A, FL-1, CUP-51, SH-2, R-2 03/10/2001   BE  
BB 840 105.00   10/30/2022 Books   Print     MIET Library, Jammu MIET Library, Jammu BL-Academic Block B, FL-2, CUP-103, SH-6, R-6 04/16/2016   BB Gifted by Mr. K. L. Bhat